000 01039nam a22002297a 4500
999 _c80522
_d317799
003 OSt
005 20220629152201.0
008 220629b2015 jo ||||g |||| 00| 0 ara d
040 _aMa-Un
_cMa-Un
082 _221
_a378.1
_bأ ن ج
100 _aالاعرجي، نبيل هاشم.
_992848
245 _aالجودة في التعليم العالي /
_cنبيل هاشم الاعرجي، حيدر حاتم العجرش، عامر احمد منى.
250 _aط. 1.
260 _aعمان، الأردن :
_bدار الرضوان للنشر والتوزيع،
_c2015
_m1436
300 _a256 ص. :
_bايض. ؛
_c24 سم.
504 _aيشتمل على قائمة ببليوجرافية.
650 _aالتعليم العالي.
_x تنظيم و ادارة.
_992849
650 _aالتعليم العالي.
_xضبط الجودة.
_992850
700 _a العجرش، حيدر حاتم فالح.
_eم. مشارك.
_977153
700 _aمنى، عامر احمد غازي.
_eم. مشارك.
_992851
942 _2ddc
_cBOOK